000 00976nam0a22002651 4500
001 rc\754065
005 20250622121404.0
035 _a(NLR Aleph) 006282251
090 _a7062001
_c7062001
100 _a20040301d1985 |||y0rusy50 ca
101 0 _arus
102 _aRU
105 _aa |||||||||
200 1 _aВодород и физические свойства металлов и сплавов
_eГидриды переход. металлов
_fГельд П.В., Рябов Р.А., Мохрачева Л.П.
210 _aМ.
_cНаука
_d1985
215 _a231 с.
_cил.
_d22
320 _aБиблиогр.: с. 212-231
700 1 _aГельд
_bП.В.
_f1911-
_gПавел Владимирович
701 1 _aРябов
_bР.А.
_gРичард Анатольевич
701 1 _aМохрачева
_bЛ.П.
_gЛюдмила Павловна
801 0 _aRU
_bNLR
_gpsbo
801 1 _aRU
_bELAR
_2rusmarc
852 _aNLR
_j85-5/4306
942 _cBOOK
980 _aNB